00498nam a2200169Ia 4500100003100000650001200031250000600043942000700049366000700056245002400063260002600087082001300113300000800126546002300134999001700157952015400174 aBasu/Prabir K/ Dhasmana H  aPhysics a2 cBK f25 aEngineering physics bAne Books Indiac2010 a530bBAS a190 aENGLISHcComputers c23620d23620 001040708CRCaCRCEbCRCEd2023-03-17eAne Books Indiag168.75i17 dt 30/04/2011l2o530 BASp21705r2025-02-27s2025-02-17v225.00w0000-00-00yBK